[Event "FIDE Women's Grand Swiss"]
[Site "Samarkand UZB"]
[Date "2025.09.04"]
[Round "1.1"]
[White "Muzychuk, Anna"]
[Black "Gaal, Zsoka"]
[Result "0-1"]
[WhiteTitle "GM"]
[BlackTitle "WGM"]
[WhiteElo "2535"]
[BlackElo "2388"]
[WhiteFideId "14111330"]
[BlackFideId "777765"]
[EventDate "2025.09.04"]

1. e4 e6 2. d4 d5 3. Nc3 Bb4 4. exd5 exd5 5. Bd3 Ne7 6. Nf3 Bg4 7. O-O Nbc6 8.
h3 Bh5 9. a3 Bxc3 10. bxc3 Qd7 11. Re1 O-O-O 12. a4 a6 13. Ba3 Rde8 14. a5 f6
15. Bf1 g5 16. Bc5 Rhg8 17. Ne5 fxe5 18. Qxh5 Ng6 19. Qg4 Qxg4 20. hxg4 Nf4 21.
dxe5 Nxe5 22. f3 Re6 23. Kf2 Rge8 24. Rad1 h6 25. Re3 Nd7 26. Rxe6 Rxe6 27. Be3
Rc6 28. g3 Ng6 29. Bd3 Ne7 30. Bd4 Re6 31. Re1 Rxe1 32. Kxe1 c5 33. Bg7 c4 34.
Bf5 Nxf5 35. gxf5 h5 0-1

[Event "FIDE Women's Grand Swiss"]
[Site "Samarkand UZB"]
[Date "2025.09.04"]
[Round "1.2"]
[White "Girya, Olga"]
[Black "Tan, Zhongyi"]
[Result "1-0"]
[WhiteTitle "GM"]
[BlackTitle "GM"]
[WhiteElo "2386"]
[BlackElo "2531"]
[WhiteFideId "4195752"]
[BlackFideId "8603642"]
[EventDate "2025.09.04"]

1. d4 Nf6 2. c4 e6 3. Nc3 d5 4. cxd5 exd5 5. Bf4 Bd6 6. Bxd6 Qxd6 7. e3 Bf5 8.
Nf3 Nc6 9. a3 O-O 10. Be2 Ne7 11. Ne5 c5 12. O-O a6 13. Re1 Rfd8 14. Bf1 h6 15.
f3 Bh7 16. Qd2 Rac8 17. Rad1 b5 18. Bd3 Nf5 19. Qf2 Qe6 20. Bb1 Re8 21. g4 Ne7
22. Bxh7+ Nxh7 23. Nd3 Ng5 24. Kg2 c4 25. Nf4 Qd7 26. h4 Ne6 27. Nxe6 fxe6 28.
h5 a5 29. Ne2 b4 30. axb4 axb4 31. Nf4 Qd6 32. Qg3 c3 33. Nd3 Qb6 34. b3 Qa6 35.
Nxb4 Qb5 36. Qd6 Nc6 37. Nxc6 Rxc6 38. Qd7 Rec8 39. Ra1 Qb8 40. Ra7 R8c7 41.
Rxc7 Rxc7 42. Qxe6+ Kh8 43. Qxd5 c2 44. Qe5 Qc8 45. Rc1 Rc3 46. Qe4 Qc7 47. d5
Qc5 48. b4 Qc7 49. b5 Qc5 50. d6 Qxd6 51. Rxc2 Rxc2+ 52. Qxc2 Qb4 53. Qc8+ Kh7
54. Qf5+ Kh8 55. Qd3 Qb2+ 56. Kg3 Qe5+ 57. Kh3 Qf6 58. Qe2 Qa1 59. Kg2 Qb1 60.
e4 Kg8 61. e5 Kf8 62. Qc4 Qe1 63. Qe4 Qd2+ 64. Kg3 Qd1 65. Qe3 Qb1 66. b6 Kf7
67. f4 Ke8 68. e6 Qb4 69. Qd3 Qe1+ 70. Kg2 1-0

[Event "FIDE Women's Grand Swiss"]
[Site "Samarkand UZB"]
[Date "2025.09.04"]
[Round "1.3"]
[White "Assaubayeva, Bibisara"]
[Black "Narva, Mai"]
[Result "1-0"]
[WhiteTitle "GM"]
[BlackTitle "IM"]
[WhiteElo "2505"]
[BlackElo "2386"]
[WhiteFideId "13708694"]
[BlackFideId "4500512"]
[EventDate "2025.09.04"]

1. e4 c5 2. Nf3 d6 3. d4 cxd4 4. Nxd4 Nf6 5. Nc3 a6 6. Be3 e5 7. Nb3 Be7 8. h3
Be6 9. Qf3 Nbd7 10. g4 Nb6 11. O-O-O Nfd7 12. Nd5 Bxd5 13. exd5 Rc8 14. Kb1 Qc7
15. Bd3 Nc4 16. Bc1 Ndb6 17. Bf5 Rb8 18. h4 a5 19. g5 a4 20. Nd2 Nxd2+ 21. Bxd2
Nc4 22. Bb4 O-O 23. Bd3 Nb6 24. h5 Nd7 25. Qf5 g6 26. hxg6 fxg6 27. Qe6+ 1-0

[Event "FIDE Women's Grand Swiss"]
[Site "Samarkand UZB"]
[Date "2025.09.04"]
[Round "1.4"]
[White "Salimova, Nurgyul"]
[Black "Lagno, Kateryna"]
[Result "1/2-1/2"]
[WhiteTitle "IM"]
[BlackTitle "GM"]
[WhiteElo "2386"]
[BlackElo "2505"]
[WhiteFideId "2915138"]
[BlackFideId "14109336"]
[EventDate "2025.09.04"]

1. d4 d5 2. c4 e6 3. Nc3 Be7 4. cxd5 exd5 5. Bf4 Nf6 6. e3 O-O 7. Bd3 c5 8. Nf3
Nc6 9. dxc5 Bxc5 10. O-O d4 11. exd4 Nxd4 12. Nxd4 Bxd4 13. Qc2 Bg4 14. h3 Bh5
15. Bg5 h6 16. Bh4 Rc8 17. Bf5 Rc5 18. g4 Bxc3 19. bxc3 Bg6 20. Bxg6 fxg6 21.
Qxg6 Rxc3 22. Rad1 Qc7 23. Bg3 Rxg3+ 24. fxg3 Qxg3+ 25. Kh1 Qxh3+ 26. Kg1 Qg3+
27. Kh1 Qh3+ 28. Kg1 Qg3+ 29. Kh1 Qh3+ 30. Kg1 Qg3+ 1/2-1/2

[Event "FIDE Women's Grand Swiss"]
[Site "Samarkand UZB"]
[Date "2025.09.04"]
[Round "1.5"]
[White "Shuvalova, Polina"]
[Black "Fataliyeva, Ulviyya"]
[Result "0-1"]
[WhiteTitle "IM"]
[BlackTitle "IM"]
[WhiteElo "2492"]
[BlackElo "2385"]
[WhiteFideId "24171760"]
[BlackFideId "13403052"]
[EventDate "2025.09.04"]

1. d4 Nf6 2. c4 e6 3. Nc3 Bb4 4. e3 O-O 5. Bd3 d5 6. a3 dxc4 7. Bxc4 Bd6 8. Nf3
Nc6 9. h3 a6 10. O-O e5 11. d5 Ne7 12. e4 Bd7 13. Re1 h6 14. Be3 b5 15. Bf1 c6
16. dxc6 Bxc6 17. Bb6 Qb8 18. Ba5 Ra7 19. Qc2 Rc8 20. Rad1 Rd7 21. Qb3 Bc5 22.
Bb4 Rxd1 23. Qxd1 Bxb4 24. axb4 Bb7 25. Qb3 Rd8 26. Nh4 Nc6 27. Nf5 Nd4 28. Nxd4
Rxd4 29. f3 Qf8 30. Rd1 Rxb4 31. Qa3 Nh5 32. Kh2 Rd4 33. Qxf8+ Kxf8 34. Rxd4
exd4 35. Ne2 d3 36. Nc3 b4 37. Nb1 Nf4 38. Kg3 g5 39. Kf2 Bc8 40. Ke3 a5 41. b3
Ba6 42. Kd4 Ne2+ 43. Ke3 Ke7 44. Nd2 Kd6 45. h4 Kc5 46. hxg5 hxg5 47. g3 Nxg3
48. Bxd3 Bxd3 49. Kxd3 Nh5 50. e5 Nf4+ 51. Ke4 Ne6 52. Kf5 Kd4 53. Kf6 Nc5 54.
Kxf7 Kxe5 55. Kg6 Kf4 56. Kh5 Nxb3 57. Nxb3 a4 58. Nc5 a3 59. Nb3 a2 60. Kg6
Kxf3 61. Kxg5 Ke4 62. Kg4 Kd5 0-1

[Event "FIDE Women's Grand Swiss"]
[Site "Samarkand UZB"]
[Date "2025.09.04"]
[Round "1.6"]
[White "Balabayeva, Xeniya"]
[Black "Muzychuk, Mariya"]
[Result "1-0"]
[WhiteTitle "WGM"]
[BlackTitle "GM"]
[WhiteElo "2383"]
[BlackElo "2484"]
[WhiteFideId "13719688"]
[BlackFideId "14114550"]
[EventDate "2025.09.04"]

1. d4 d5 2. c4 e6 3. Nc3 c6 4. cxd5 exd5 5. Bf4 Bd6 6. Bxd6 Qxd6 7. Qc2 Ne7 8.
e3 Bf5 9. Bd3 Qg6 10. Bxf5 Qxf5 11. O-O-O Nd7 12. Nf3 O-O 13. Rhe1 Rfe8 14. h3
a5 15. Qxf5 Nxf5 16. e4 Ne7 17. exd5 Nxd5 18. Nxd5 cxd5 19. Ne5 Nf8 20. Ng4
Rac8+ 21. Kb1 Rxe1 22. Rxe1 Ne6 23. Ne3 Nf4 24. h4 Kf8 25. Rd1 Re8 26. Rd2 Re4
27. Kc2 Ne6 28. Nxd5 Rxh4 29. Kc3 b5 30. b4 axb4+ 31. Kxb4 Nxd4 32. Kc5 Nf5 33.
Kxb5 Nd6+ 34. Kc6 Rh6 35. Re2 Nf5+ 36. Kc5 Ra6 37. Nc7 Rc6+ 38. Kxc6 Nd4+ 39.
Kd7 Nxe2 40. a4 Nc1 41. a5 Nd3 42. Kd6 Nb4 43. Kc5 Nd3+ 44. Kb5 1-0

[Event "FIDE Women's Grand Swiss"]
[Site "Samarkand UZB"]
[Date "2025.09.04"]
[Round "1.7"]
[White "Osmak, Yuliia"]
[Black "Vantika, Agrawal"]
[Result "0-1"]
[WhiteTitle "IM"]
[BlackTitle "IM"]
[WhiteElo "2478"]
[BlackElo "2381"]
[WhiteFideId "14101602"]
[BlackFideId "25050389"]
[EventDate "2025.09.04"]

1. d4 Nf6 2. c4 e6 3. Nc3 Bb4 4. e3 c5 5. Bd3 Nc6 6. Ne2 cxd4 7. exd4 d5 8. Bg5
dxc4 9. Bxc4 Be7 10. O-O O-O 11. a3 h6 12. Bh4 a6 13. Ba2 b5 14. Qd3 Ne5 15. Qc2
Ng6 16. Bg3 Qd7 17. Rad1 Bb7 18. Bb1 Rac8 19. Qd2 Nd5 20. Bxg6 fxg6 21. Be5 Nxc3
22. Nxc3 b4 23. axb4 Bxb4 24. Qd3 g5 25. f3 a5 26. Na2 Bd5 27. Qb1 Bb3 28. Rc1
Bd6 29. Nc3 Bxe5 30. dxe5 Qd4+ 31. Kh1 Qxe5 32. Rce1 Qf5 33. Re4 Rc4 34. Rfe1
Rxe4 35. Rxe4 g4 36. Rxg4 Qxb1+ 37. Nxb1 Rd8 38. Nc3 Rd2 39. h4 Rxb2 40. Rd4 Rc2
41. Nb5 a4 42. Kh2 Rc4 43. Rd8+ Kh7 44. Kg3 Rb4 45. Na3 Bd5 46. Rd7 Rb7 47. Rd6
Rb3 48. Nc2 Rb2 49. Na3 Ra2 50. Nb5 Bc4 51. Nc3 Ra3 52. Nb1 Rb3 53. Rd4 Bb5 54.
Nd2 Rb2 55. Rd8 a3 56. Ne4 a2 57. Ra8 Bc4 58. Ra7 Rb1 59. Nf6+ Kg6 60. Ng4 Bd5
61. h5+ Kxh5 62. Rxg7 a1=Q 63. Rg8 Bxf3 64. gxf3 Rg1+ 65. Kh2 Kh4 0-1

[Event "FIDE Women's Grand Swiss"]
[Site "Samarkand UZB"]
[Date "2025.09.04"]
[Round "1.8"]
[White "Zhai, Mo"]
[Black "Garifullina, Leya"]
[Result "1-0"]
[WhiteTitle "WGM"]
[BlackTitle "IM"]
[WhiteElo "2380"]
[BlackElo "2477"]
[WhiteFideId "8600201"]
[BlackFideId "34127035"]
[EventDate "2025.09.04"]

1. d4 Nf6 2. c4 e6 3. Nf3 d5 4. Nc3 Bb4 5. cxd5 exd5 6. Bf4 Ne4 7. Rc1 Nc6 8.
Nd2 g5 9. Bg3 Nxg3 10. hxg3 Nxd4 11. e3 Bxc3 12. bxc3 Ne6 13. Qf3 c6 14. c4 d4
15. c5 g4 16. Qxg4 dxe3 17. fxe3 Qa5 18. Be2 Bd7 19. Qh4 Qa3 20. Kf2 h6 21. Ne4
Qb2 22. Rcd1 Bc8 23. Nd6+ Kf8 24. Nf5 f6 25. Rd4 Kf7 26. Qh5+ 1-0

[Event "FIDE Women's Grand Swiss"]
[Site "Samarkand UZB"]
[Date "2025.09.04"]
[Round "1.9"]
[White "Kosteniuk, Alexandra"]
[Black "Maltsevskaya, Aleksandra"]
[Result "1/2-1/2"]
[WhiteTitle "GM"]
[BlackTitle "IM"]
[WhiteElo "2472"]
[BlackElo "2379"]
[WhiteFideId "4128125"]
[BlackFideId "24174041"]
[EventDate "2025.09.04"]

1. d4 Nf6 2. Nf3 e6 3. e3 b6 4. Bd3 Bb7 5. O-O Be7 6. Qe2 d5 7. b3 O-O 8. Bb2 c5
9. Ne5 Nc6 10. a3 a5 11. Nd2 Nd7 12. f4 f5 13. Nxd7 Qxd7 14. Nf3 Bf6 15. Rad1 a4
16. Bb5 axb3 17. cxb3 Qe7 18. Ne5 Bxe5 19. fxe5 Na5 20. Qd3 c4 21. bxc4 Nxc4 22.
Rb1 Ba6 23. Bc1 Bxb5 24. Rxb5 Ra5 25. Rb3 Rfa8 26. Qe2 b5 27. Bd2 Nxd2 28. Qxd2
Rxa3 29. Rxb5 Qg5 30. Re1 h6 31. Rc5 Kh7 32. Qf2 Ra1 33. Rcc1 Rxc1 34. Rxc1 Ra2
35. h4 Rxf2 36. hxg5 Re2 37. gxh6 g6 38. Rc3 Kxh6 39. Kf1 Rd2 40. Rc6 Kg5 41.
Rxe6 f4 42. exf4+ Kxf4 43. Rxg6 Rxd4 44. Ke2 Kxe5 1/2-1/2

[Event "FIDE Women's Grand Swiss"]
[Site "Samarkand UZB"]
[Date "2025.09.04"]
[Round "1.10"]
[White "Efroimski, Marsel"]
[Black "Dronavalli, Harika"]
[Result "1/2-1/2"]
[WhiteTitle "IM"]
[BlackTitle "GM"]
[WhiteElo "2377"]
[BlackElo "2467"]
[WhiteFideId "2810964"]
[BlackFideId "5015197"]
[EventDate "2025.09.04"]

1. e4 c5 2. Nf3 Nc6 3. d4 cxd4 4. Nxd4 Qb6 5. Nb3 e6 6. Nc3 Qc7 7. Be3 Bb4 8.
Qd3 Nf6 9. Bd2 a6 10. a3 Be7 11. Qg3 Qxg3 12. hxg3 b5 13. f3 Bb7 14. g4 d6 15.
Be2 Nd7 16. Kf2 Nc5 17. Be3 O-O-O 18. Nd4 Bf6 19. Rad1 Kb8 20. Nxc6+ Bxc6 21.
Bd4 Bxd4+ 22. Rxd4 Kc7 23. Rd2 e5 24. Nd5+ Bxd5 25. Rxd5 Ne6 26. c3 Nf4 27. Rd2
d5 28. exd5 Nxd5 29. c4 Nf4 30. Rc2 Kb6 31. cxb5 axb5 32. g3 Ne6 33. Rhc1 Rd6
34. Ke3 Rhd8 35. Rc8 Nd4 36. Rxd8 Rxd8 37. Bd3 Nxf3 38. Bxh7 Nd4 39. Be4 Rh8 40.
Bg2 Rh2 41. Kf2 Rh6 42. Rc8 Rf6+ 43. Ke3 Rg6 44. Bf3 f5 45. Re8 fxg4 46. Be4 Rg5
47. b4 Nf5+ 48. Bxf5 Rxf5 49. Ke4 Rf3 50. Re6+ Kc7 51. Rxe5 Rxg3 52. Rxb5 Rxa3
53. Rg5 Rb3 54. Rxg7+ Kb6 55. Rxg4 1/2-1/2

[Event "FIDE Women's Grand Swiss"]
[Site "Samarkand UZB"]
[Date "2025.09.04"]
[Round "1.11"]
[White "Yip, Carissa"]
[Black "Roebers, Eline"]
[Result "0-1"]
[WhiteTitle "IM"]
[BlackTitle "IM"]
[WhiteElo "2458"]
[BlackElo "2377"]
[WhiteFideId "2090732"]
[BlackFideId "1058401"]
[EventDate "2025.09.04"]

1. Nf3 d5 2. e3 Nf6 3. b3 Bf5 4. Ba3 g6 5. c4 c6 6. Nc3 Bg7 7. Be2 O-O 8. O-O
Ne4 9. Nd4 Bd7 10. Nxe4 dxe4 11. d3 exd3 12. Qxd3 Re8 13. Rad1 a5 14. Nf3 Qc7
15. h3 Bf5 16. e4 Bc8 17. Qe3 Na6 18. Rd2 Nb4 19. Rfd1 b6 20. c5 b5 21. Bb2 e5
22. a3 Na6 23. Rd6 f6 24. a4 Rb8 25. Bc3 Nb4 26. axb5 cxb5 27. Bxb4 axb4 28. Nh2
h5 29. Qg3 Kh7 30. c6 Re6 31. Qd3 Rb6 32. Nf1 Rxc6 33. Rd8 Rc3 34. Qd5 Rb6 35.
Qg8+ Kh6 36. Re8 Rcc6 37. Ne3 Be6 38. Nd5 Bxg8 39. Nxc7 Bxb3 40. Rd7 Rd6 41.
Rxd6 Rxd6 42. Rb8 Rd4 43. Bf3 Bc4 44. Nxb5 Rd7 45. h4 Rd2 46. g4 b3 47. gxh5
gxh5 48. Na3 Bf7 49. Kg2 b2 50. Nb1 Rc2 51. Na3 Rc3 52. Nb1 Rb3 53. Ra8 Bc4 54.
Bd1 Bd3 55. Bxb3 Bxb1 56. Bd5 Bd3 57. Rb8 b1=Q 58. Rxb1 Bxb1 59. f4 exf4 60. Kf3
Bf8 61. Kxf4 Bd6+ 62. Kf3 Be5 63. Bb3 Bd3 64. Ba4 Bc4 65. Be8 Be6 66. Kf2 Bg4
67. Bf7 Kg7 68. Be8 Kf8 69. Bg6 Ke7 70. Kg2 Kd6 71. Kf2 Kc5 72. Bh7 Kd4 73. Bg6
Kd3 74. Bh7 Bd4+ 75. Kg3 Ke3 76. Bg6 Be5+ 77. Kg2 Bf3+ 78. Kh3 Bf4 0-1

[Event "FIDE Women's Grand Swiss"]
[Site "Samarkand UZB"]
[Date "2025.09.04"]
[Round "1.12"]
[White "Badelka, Olga"]
[Black "Injac, Teodora"]
[Result "1-0"]
[WhiteTitle "IM"]
[BlackTitle "IM"]
[WhiteElo "2375"]
[BlackElo "2454"]
[WhiteFideId "13509926"]
[BlackFideId "932400"]
[EventDate "2025.09.04"]

1. d4 Nf6 2. c4 e6 3. Nc3 d5 4. Nf3 Nbd7 5. cxd5 exd5 6. Bf4 c6 7. h3 Ne4 8. e3
Bd6 9. Bxd6 Nxd6 10. Bd3 Nf6 11. Qc2 Qe7 12. O-O Nfe4 13. Bxe4 dxe4 14. Nd2 Bf5
15. a4 O-O 16. a5 Rfe8 17. Ne2 a6 18. Ng3 Bg6 19. Nc4 Rad8 20. Ra4 Nb5 21. Nb6
f5 22. Rc4 f4 23. Ne2 f3 24. Ng3 Kh8 25. Rc5 Qf8 26. Rg5 Qf6 27. Rg4 Nd6 28. Qc5
Qe6 29. Rf4 Rf8 30. Qe5 Qg8 31. h4 Rxf4 32. Qxf4 fxg2 33. Kxg2 Qe8 34. Rc1 Qe7
35. Rc5 Rf8 36. Re5 Qd8 37. Qg5 Rf6 38. Qg4 Nf7 39. Rc5 Nd6 40. h5 Bf7 41. Re5
Bd5 42. Nxd5 cxd5 43. Rxd5 Qf8 44. Qe2 h6 45. Re5 Qc8 46. Nxe4 Nxe4 47. Rxe4 Qc6
48. Qg4 Kh7 49. b4 Qd5 50. Kg3 Qd6+ 51. Re5 Qxb4 52. Qe4+ Kh8 53. Re8+ Rf8 54.
Qe7 Qxe7 55. Rxe7 Rf5 56. Re5 Rf6 57. f4 b6 58. axb6 Rxb6 59. Re8+ Kh7 60. f5
Rb1 61. d5 Rh1 62. e4 a5 63. d6 Rd1 64. e5 a4 65. Ra8 1-0

[Event "FIDE Women's Grand Swiss"]
[Site "Samarkand UZB"]
[Date "2025.09.04"]
[Round "1.13"]
[White "Vaishali, Rameshbabu"]
[Black "Tokhirjonova, Gulrukhbegim"]
[Result "1-0"]
[WhiteTitle "GM"]
[BlackTitle "IM"]
[WhiteElo "2452"]
[BlackElo "2372"]
[WhiteFideId "5091756"]
[BlackFideId "14203626"]
[EventDate "2025.09.04"]

1. e4 e5 2. Nc3 Nf6 3. Bc4 Nc6 4. d3 Bc5 5. f4 d6 6. Nf3 a6 7. f5 h6 8. Qe2 Nd4
9. Nxd4 Bxd4 10. Be3 c6 11. Bb3 a5 12. a4 Bd7 13. O-O O-O 14. Kh1 Re8 15. Rae1
Bxe3 16. Qxe3 b5 17. g4 d5 18. g5 d4 19. Qg1 hxg5 20. Qxg5 Nd5 21. Qxd8 Raxd8
22. Nxd5 cxd5 23. Bxd5 bxa4 24. Rf3 Kf8 25. Rg1 Bc8 26. Bc6 Bd7 27. Bd5 Bc8 28.
Bc4 Rd6 29. Rfg3 Bb7 30. Rxg7 Rf6 31. Rg8+ Ke7 32. Rxe8+ Kxe8 33. Rg8+ Kd7 34.
Rb8 Kc7 35. Rf8 Rxf5 36. Rxf7+ Rxf7 37. Bxf7 Kd7 38. Kg2 Bc6 39. Bd5 Bb5 40. Kg3
Ke7 41. Kg4 Kf6 42. Kh5 Bd7 43. Kh6 Be8 44. h4 Bd7 45. Kh7 Be8 46. Kg8 Bh5 47.
Bc6 a3 48. bxa3 Bf7+ 49. Kf8 Bh5 50. Be8 Bd1 51. h5 Kg5 52. Kg7 Bxc2 53. h6 Bxd3
54. h7 Bxe4 55. h8=Q Kf4 56. Qh2+ 1-0

[Event "FIDE Women's Grand Swiss"]
[Site "Samarkand UZB"]
[Date "2025.09.04"]
[Round "1.14"]
[White "Guo, Qi"]
[Black "Lu, Miaoyi"]
[Result "1/2-1/2"]
[WhiteTitle "IM"]
[BlackTitle "IM"]
[WhiteElo "2371"]
[BlackElo "2449"]
[WhiteFideId "8604002"]
[BlackFideId "8618020"]
[EventDate "2025.09.04"]

1. d4 Nf6 2. c4 e6 3. Nf3 b6 4. g3 Bb7 5. Bg2 Be7 6. O-O O-O 7. Nc3 Ne4 8. Nxe4
Bxe4 9. Ne5 Bxg2 10. Kxg2 d6 11. Nf3 c5 12. e4 cxd4 13. Nxd4 Qc8 14. Qe2 Nd7 15.
Be3 Re8 16. Rfd1 Qb7 17. f3 d5 18. exd5 exd5 19. cxd5 Nf6 20. Bf2 Nxd5 21. Qb5
Bc5 22. Re1 Red8 23. Rad1 Rac8 24. a3 g6 25. Qb3 h5 26. h4 Rd7 27. Rd3 Rcd8 28.
Red1 a6 29. Qc2 Nf6 30. b4 Bf8 31. Nb3 Bg7 32. Rxd7 Rxd7 33. Rxd7 Nxd7 34. Qd3 1/2-1/2

[Event "FIDE Women's Grand Swiss"]
[Site "Samarkand UZB"]
[Date "2025.09.04"]
[Round "1.15"]
[White "Tsolakidou, Stavroula"]
[Black "Beydullayeva, Govhar"]
[Result "1/2-1/2"]
[WhiteTitle "IM"]
[BlackTitle "WGM"]
[WhiteElo "2445"]
[BlackElo "2368"]
[WhiteFideId "4264312"]
[BlackFideId "13413015"]
[EventDate "2025.09.04"]

1. e4 e5 2. Nf3 Nc6 3. Bc4 Nf6 4. d3 Bc5 5. Nc3 h6 6. O-O a6 7. Be3 d6 8. a4 O-O
9. Bxc5 dxc5 10. Nd5 Be6 11. Ne3 Qd7 12. a5 Rfe8 13. h3 Rad8 14. Nh4 Bxc4 15.
Nxc4 Qe6 16. Re1 Nd4 17. c3 Nc6 18. Qf3 g6 19. Kh2 Rd7 20. Re3 Red8 21. Qe2 Ne8
22. g3 Nd6 23. Nd2 Ne8 24. f4 exf4 25. gxf4 Ng7 26. Nc4 Qe7 27. Ng2 Kh7 28. Rf1
Nh5 29. Qf3 Kg8 30. Kh1 Kh7 31. Rd1 Kg8 32. Re2 Kh7 33. Red2 Kg8 34. Qe3 Kh7 35.
Rf1 f5 36. e5 Ng7 37. Ne1 Ne6 38. Rg2 Qh4 39. Rg3 Ne7 40. Qf3 Nd5 41. Ng2 Qe7
42. Rg1 Qf7 43. h4 h5 44. Nd2 Kh6 1/2-1/2

[Event "FIDE Women's Grand Swiss"]
[Site "Samarkand UZB"]
[Date "2025.09.04"]
[Round "1.16"]
[White "Krush, Irina"]
[Black "Arabidze, Meri"]
[Result "1/2-1/2"]
[WhiteTitle "GM"]
[BlackTitle "IM"]
[WhiteElo "2366"]
[BlackElo "2444"]
[WhiteFideId "2012782"]
[BlackFideId "13604040"]
[EventDate "2025.09.04"]

1. d4 d5 2. c4 e6 3. Nc3 Nf6 4. cxd5 exd5 5. Bg5 c6 6. e3 h6 7. Bh4 Be7 8. Bd3
Nbd7 9. Nge2 O-O 10. O-O Re8 11. Qc2 a5 12. Rae1 b5 13. a4 b4 14. Nb1 Ba6 15.
Bxa6 Rxa6 16. Bxf6 Nxf6 17. Nd2 Bd6 18. h3 Bb8 19. Nf4 Qd6 20. g3 Qd7 21. Kg2
Bd6 22. Rc1 h5 23. h4 g6 24. Qd3 Raa8 25. Rc2 Ne4 26. Nh3 Rac8 27. Nxe4 dxe4 28.
Qa6 b3 29. Rcc1 Bb4 30. Nf4 Bd6 31. Ne2 Bb4 32. Qc4 Qf5 33. Nf4 Kg7 34. Qxb3 f6
35. d5 g5 36. hxg5 fxg5 37. Ne6+ Kh7 38. Qd1 Kg6 39. Rh1 Qf3+ 40. Qxf3 exf3+ 41.
Kxf3 cxd5 42. Nd4 Be7 43. Nc6 Bf6 44. b3 Rc7 45. Nxa5 Rf7 46. Ke2 d4 47. Nc6 Bg7
48. a5 g4 49. Rhe1 h4 50. Kd3 hxg3 51. fxg3 dxe3 52. a6 Re6 53. Rc5 e2 54. a7
Rf3+ 55. Kc2 Rf1 56. a8=Q Rxe1 57. Ne5+ Rxe5 58. Qc6+ Kf5 59. Qd7+ Kg6 60. Rxe5
Bxe5 61. Qe6+ Bf6 62. Kd2 Rd1+ 63. Kxe2 Rd4 64. Ke3 Rb4 65. Kd3 Rd4+ 66. Kc2 Kg5
67. Qe1 Kf5 68. b4 Be5 69. b5 Re4 70. Qf2+ Ke6 71. Kb3 Rd4 72. Qe2 Kd6 73. Qg2
Rd3+ 74. Kb4 Rxg3 75. Qc6+ Ke7 76. b6 Re3 77. b7 Re2 78. Qc5+ Kf6 79. Qxe5+ Rxe5
80. b8=Q Kf5 81. Kc3 Re3+ 82. Kd4 Re4+ 83. Kd5 Re1 84. Qf8+ Kg5 85. Qf2 Re8 86.
Kd4 Re6 87. Kd3 Re5 88. Kd2 Rf5 89. Qg3 Rf3 90. Qe5+ Kh6 91. Ke2 Kg6 92. Qd5 Kh6
93. Qe4 Kh5 94. Qh7+ Kg5 95. Qh8 Kg6 96. Qh4 Kf5 97. Qh6 Rh3 98. Qf8+ Kg5 99.
Qe7+ Kf5 100. Kf2 Rf3+ 101. Kg2 Kg6 102. Qh4 Kf5 103. Qh5+ Kf4 104. Qh4 Kf5 105.
Qe7 Kg6 106. Qh4 Kf5 107. Qh6 Rh3 108. Qg7 Rf3 109. Qe7 Rh3 110. Qc5+ Kg6 111.
Qd6+ Kf5 112. Qd5+ Kf6 113. Qe4 Kg5 114. Qe5+ Kg6 115. Qf4 Kh5 116. Qf5+ Kh4
117. Qg6 Rg3+ 118. Kf2 Rf3+ 119. Ke2 Kh3 120. Qg5 Kg3 121. Qh5 Kf4 122. Qh4 Kf5
123. Qh6 Rh3 124. Qg7 Rf3 125. Qg8 Rh3 126. Kf2 Rf3+ 127. Kg2 Rh3 128. Qd5+ Kf6
129. Qe4 Kg5 130. Qe5+ Kg6 131. Qf4 1/2-1/2

[Event "FIDE Women's Grand Swiss"]
[Site "Samarkand UZB"]
[Date "2025.09.04"]
[Round "1.17"]
[White "Javakhishvili, Lela"]
[Black "Kulon, Klaudia"]
[Result "1/2-1/2"]
[WhiteTitle "IM"]
[BlackTitle "IM"]
[WhiteElo "2434"]
[BlackElo "2361"]
[WhiteFideId "13601458"]
[BlackFideId "1131044"]
[EventDate "2025.09.04"]

1. d4 Nf6 2. c4 e6 3. Nf3 d5 4. Nc3 c5 5. cxd5 Nxd5 6. e4 Nxc3 7. bxc3 cxd4 8.
cxd4 Bb4+ 9. Bd2 Bxd2+ 10. Qxd2 O-O 11. Bd3 Nc6 12. Bc2 Qa5 13. Qxa5 Nxa5 14.
Bd3 b6 15. Ke2 Bb7 16. Rhc1 Rac8 17. Ke3 Rfd8 18. g4 h6 19. h4 Kf8 20. g5 hxg5
21. hxg5 Ke7 22. Ne5 Nc6 23. Nxc6+ Rxc6 24. Rxc6 Bxc6 25. Rh1 Bb7 26. f4 Rc8 27.
Rh7 Kf8 28. f5 Kg8 29. Rh2 exf5 30. exf5 Re8+ 31. Kd2 Rd8 32. Rh4 Bd5 33. a3 Rd6
34. Bb5 g6 35. f6 Be6 36. Re4 Rd5 37. Bc4 Rxg5 38. Bxe6 fxe6 39. Rxe6 Kf7 40.
Re7+ Kxf6 41. Rxa7 Ra5 42. Rb7 Rxa3 43. Rxb6+ 1/2-1/2

[Event "FIDE Women's Grand Swiss"]
[Site "Samarkand UZB"]
[Date "2025.09.04"]
[Round "1.18"]
[White "Kamalidenova, Meruert"]
[Black "Shukhman, Anna"]
[Result "1-0"]
[WhiteTitle "IM"]
[BlackTitle "WGM"]
[WhiteElo "2349"]
[BlackElo "2420"]
[WhiteFideId "13712802"]
[BlackFideId "54180058"]
[EventDate "2025.09.04"]

1. e4 c5 2. Nf3 d6 3. d4 cxd4 4. Nxd4 Nf6 5. Nc3 a6 6. f4 g6 7. e5 dxe5 8. fxe5
Nd5 9. Qf3 Nxc3 10. Qxc3 Bg7 11. Bf4 O-O 12. O-O-O Qb6 13. Be2 Bd7 14. Bf3 Rc8
15. Qb3 Qxb3 16. axb3 Nc6 17. Rhe1 Be8 18. Nxc6 bxc6 19. e6 Bf6 20. exf7+ Bxf7
21. Rd7 a5 22. Be5 Bg5+ 23. Kb1 a4 24. bxa4 Rxa4 25. b3 Raa8 26. g3 Be6 27. Rb7
Rd8 28. h4 Bd2 29. Rd1 Kf7 30. Rf1 Ra5 31. Bd5+ Ke8 32. Bxc6+ Bd7 33. Rxd7 Rxd7
34. Rd1 Rd5 35. Bc3 Kd8 36. Bxd7 1-0

[Event "FIDE Women's Grand Swiss"]
[Site "Samarkand UZB"]
[Date "2025.09.04"]
[Round "1.19"]
[White "Gunina, Valentina"]
[Black "Ouellet, Maili-Jade"]
[Result "0-1"]
[WhiteTitle "GM"]
[BlackTitle "WGM"]
[WhiteElo "2418"]
[BlackElo "2348"]
[WhiteFideId "4167570"]
[BlackFideId "2620472"]
[EventDate "2025.09.04"]

1. e4 c5 2. Nf3 d6 3. d4 cxd4 4. Nxd4 Nf6 5. Nc3 Nc6 6. Bg5 Bd7 7. f3 Rc8 8. Qd2
h6 9. Be3 Nxd4 10. Bxd4 e5 11. Bxa7 b6 12. Qe3 Rc5 13. b4 Rc7 14. Nb5 Rb7 15.
O-O-O Bxb5 16. Bxb5+ Nd7 17. Bxd7+ Kxd7 18. Qb3 Ke8 19. f4 Rxa7 20. fxe5 Qg5+
21. Kb1 Qxe5 22. Rd5 Qxe4 23. Rdd1 Qc6 24. Rhf1 Re7 25. Rf3 Qb7 26. Rf5 Re5 27.
Rdf1 Rxf5 28. Rxf5 f6 29. Rb5 Be7 30. a4 Qxg2 31. Qd3 Kd7 32. a5 bxa5 33. Qf5+
Kc7 34. Rxa5 Qg1+ 35. Ka2 Rc8 36. Kb2 Kd8 37. Qd5 Qf2 38. Qe4 f5 39. Rxf5 Bf6+
40. Kc1 Qg1+ 41. Kd2 Qxh2+ 42. Kd1 Qg1+ 43. Ke2 Qc1 44. Rc5 Rxc5 45. bxc5 Qa3
46. cxd6 Qxd6 47. Kf3 Qe5 48. Qa8+ Ke7 49. Qb7+ Kf8 50. Qb4+ Kf7 51. Qc4+ Kg6
52. Kg2 h5 53. Kh1 Qg3 54. Qc6 Kh7 55. Qe4+ g6 56. Qb7+ Kh6 57. c3 Be5 0-1